000
00283nam a22001457a 4500
003
SGT
020
_a
81-7450-660-8
082
_a
150
_b
NCE
100
_a
NCERT
245
_a
PHYCHOLOGY
260
_a
NCERT NEW DELHI
_c
2007
300
_a
208
650
_a
EDUCATION
942
_2
ddc
_c
BK
999
_c
23151
_d
23151